000 01101cab a2200241 4500
001 ABS53451
008 090401t1995 xxu||||| |||| 00| 0 eng d
035 _a(Sirsi) u4294
041 _aeng
245 _aMilverton Group Ltd v Warner World Ltd
260 _c1995
350 _a0
490 _aEstates Gazette
_v1995 32 EG 70-73(4)
520 _aCA 6 May 1994. Confirmed that payment by sureties in consideration of release of liability discharged liability of original tenant for arrears of debt. Held that out of the £50,348 paid by the sureties paid by DB and JW, £19,500 was regarded as rent for Michaelmas quarter day 1991 whilst the outstanding balance could be set off against the total sum payable to the landlord for rent and breach of other covenants in the lease and appropriated by landlord when required. Appeal and cross-appeal dismissed.
650 _aAPPROPRIATION
650 _aASSIGNMENT
650 _aORIGINAL TENANT
650 _aRENT ARREARS
650 _aSURETIES
690 _aLANDLORD AND TENANT-CASE LAW-BUSINESS TENANCIES
942 _n0
948 _c04/03/1997
999 _c2575
_d2575